000 00756nam a2200217Ii 4500
003 JO-AjNU
008 230605s9999||||xx |||||||||||||| ||und||
020 _a9957-36-040-X
040 _aJO-AjNU
_bara
_erda
_cJO-AjNU
041 _aara
050 1 4 _aPJ8292 2007
100 3 _aسلامة،ياسر خالد,
_eauthor
_918422
245 0 0 _a36قصة تربوية للأطفال
250 _aط1
264 3 1 _aعمان: دار عالم الثقافة للنشر والتوزيع، 2007 ؛ عمان: دار الأسرة للنشر والتوزيع، 2007
300 _a151ص
336 _atext
_btxt
_2rdacontent
337 _aunmediated
_bn
_2rdamedia
338 _avolume
_bnc
_2rdacarrier
650 4 _aالأدب العربي - قصص أطفال
_918423
999 _aA5889
_c9457
_d9457